00340nam a2200133Ia 4500008004100000020001500041041001200056082001600068100001400084245007900098260000900177300000800186650001200194221030s9999 xx 000 0 und d a8178080265 aEnglish a105.23bTay aS. Taylor 0aGartside`s Model Business Letters & Other Business Documentscby S. Taylor c2000 a388 aEnglish